| 000 | 00000nam 2200000zi 4500 |
| 001 | 9.930099 |
| 003 | CaOODSP |
| 005 | 20240212083537 |
| 006 | m o d f |
| 007 | cr mn||||||||| |
| 008 | 231108e20231222quca ob f000 0 eng d |
| 020 | |a9780660687407 |q(final report) |
| 020 | |a9780660687414 |q(summary) |
| 040 | |aCaOODSP|beng|erda|cCaOODSP |
| 043 | |an-cn-yk|an-cn--- |
| 045 | |ay0y1 |
| 086 | 1 |aEm20-98/1-2023E-PDF |
| 086 | 1 |aEm20-98/2-2023E-PDF|zEm20-98/1-2023F-PDF |
| 245 | 00|aEvaluation of the Canada-Yukon Labour Market Development Agreement : |bfinal report / |cEvaluation Directorate, Strategic and Service Policy Branch. |
| 264 | 1|a[Gatineau, Quebec] : |bEmployment and Social Development Canada = Emploi et développement social Canada, |cDecember 22, 2023. |
| 264 | 4|c©2023 |
| 300 | |a1 online resource (x, 32 pages) : |bcolour illustrations + |esummary (2 unnumbered pages) |
| 336 | |atext|btxt|2rdacontent |
| 337 | |acomputer|bc|2rdamedia |
| 338 | |aonline resource|bcr|2rdacarrier |
| 500 | |aIssued also in French under title: Évaluation de l'Entente Canada-Yukon sur le développement du marché du travail : rapport final. |
| 504 | |aIncludes bibliographical references (page 31). |
| 650 | 0|aManpower policy|zYukon|xEvaluation. |
| 650 | 0|aManpower policy|zCanada|xEvaluation. |
| 650 | 0|aUnemployed|xServices for|zYukon|xEvaluation. |
| 710 | 1 |aCanada. |bEmployment and Social Development Canada. |bEvaluation Directorate, |eissuing body. |
| 775 | 08|tÉvaluation de l'Entente Canada-Yukon sur le développement du marché du travail : |w(CaOODSP)9.930100 |
| 795 | |tEvaluation of the Canada–Yukon Labour Market Development Agreement |w(CaOODSP)9.856829 |
| 856 | 40|qPDF|s1,003 KB|uhttps://publications.gc.ca/collections/collection_2024/edsc-esdc/Em20-98-1-2023-eng.pdf|z(final report) |
| 856 | 40|qPDF|s195 KB|uhttps://publications.gc.ca/collections/collection_2024/edsc-esdc/Em20-98-2-2023-eng.pdf|z(summary) |
| 856 | 4 |qHTML|sN/A|uhttps://www.canada.ca/en/employment-social-development/corporate/reports/evaluations/yukon-labour-market-development-agreement.html|z(final report) |
| 856 | 4 |qHTML|sN/A|uhttps://www.canada.ca/en/employment-social-development/corporate/reports/evaluations/yukon-labour-market-development-agreement/summary.html|z(summary) |